सामयिक हिन्दी व्याकरण/ (Record no. 202465)

MARC details
000 -LEADER
fixed length control field 00861nam a22001937a 4500
005 - DATE AND TIME OF LATEST TRANSACTION
control field 20240521114027.0
010 ## - LCCN (DPL NO)
LC control number HIN-127564
020 ## - INTERNATIONAL STANDARD BOOK NUMBER
International Standard Book Number 9788171380480
Terms of availability 495.00
035 ## - SYSTEM CONTROL NUMBER
System control number HN-99910
037 ## - SOURCE OF ACQUISITION
Source of stock number/acquisition DBAD
082 ## - DEWEY DECIMAL CLASSIFICATION NUMBER
Classification number 425
100 ## - MAIN ENTRY--PERSONAL NAME
Personal name राजेन्द्रमोहन भटनागर
245 ## - TITLE STATEMENT
Title सामयिक हिन्दी व्याकरण/
Statement of responsibility, etc राजेन्द्रमोहन भटनागर
260 ## - PUBLICATION, DISTRIBUTION, ETC. (IMPRINT)
Place of publication, distribution, etc नई दिल्ली
Name of publisher, distributor, etc सामयिक प्रकाशन
Date of publication, distribution, etc 2022
270 ## - ADDRESS
Address 3320-21,जटवाड़ा,नेताजी सुभाष मार्ग दारियागंज
City नई दिल्ली
Postal code 110002
300 ## - PHYSICAL DESCRIPTION
Extent 208पृ.
Dimensions 23सेमी (सजिल्द)
650 ## - SUBJECT ADDED ENTRY--TOPICAL TERM
Topical term or geographic name as entry element हिन्दी
942 ## - ADDED ENTRY ELEMENTS (KOHA)
Institution code [OBSOLETE] dpl
Item type Hindi Books
Source of classification or shelving scheme Dewey Decimal Classification
Classification part 425
Call number suffix भटना
Holdings
Withdrawn status Lost status Not for loan Collection code Home library Current library Date acquired Source of acquisition Cost, normal purchase price Full call number Barcode Copy number Cost, replacement price Koha item type
      Non-fiction Ashok Vihar Ashok Vihar 01/05/2024 DBAD 495.00 425 भटना HN-99910 1 495.00 Hindi Books

© Delhi Public Library
Hit Counter
free hit counter